Tiempo desarticulado /
保存先:
| 第一著者: | |
|---|---|
| フォーマット: | 図書 |
| 言語: | スペイン語 |
| 出版事項: |
Barcelona, España :
Minotauro,
2020, c2012
|
| シリーズ: | (Biblioteca Philip K. Dick)
|
| 主題: | |
| タグ: |
タグなし, このレコードへの初めてのタグを付けませんか!
|
MARC
| LEADER | 00000nam^a2200000^a^4500 | ||
|---|---|---|---|
| 001 | 000578278 | ||
| 005 | 20250521000000.0 | ||
| 009 | 20260310132506.167 | ||
| 020 | |a 978-84-450-0738-9 | ||
| 037 | |a Acervo ITESO - Biblioteca | ||
| 041 | |a ESP | ||
| 082 | |a 813. |b DIC | ||
| 100 | |a Dick, Philip K. |e (autor) | ||
| 245 | 1 | 0 | |a Tiempo desarticulado / |c P.K. Dick ; tr. por Rubén Masera. |
| 264 | 4 | |a Barcelona, España : |b Minotauro, |c 2020, c2012 | |
| 300 | |a 285 p. | ||
| 336 | |a texto |b txt |2 rdacontenido | ||
| 337 | |a sin mediación |b n |2 rdamedio | ||
| 338 | |a volumen |b nc |2 rdasoporte | ||
| 440 | 1 | |a (Biblioteca Philip K. Dick) | |
| 500 | |a Traducción de: Time Out of Joint | ||
| 521 | |a FIL 2023 DIA | ||
| 545 | 0 | |a Philip Kindred Dick (1928-1982), más conocido como Philip K. Dick, fue un prolífico escritor y novelista estadounidense de ciencia ficción, que influyó notablemente en dicho género: más de una veintena de sus obras han sido adaptadas en películas de Hollywood. Trató temas como la sociología, la política y la metafísica en futuros distópicos, así como la metafísica y la teología. Sus historias futuristas están repletas de protagonistas no tanto heroicos, pero que reflejan el sufrimiento y determinación de la propia experiencia de vida del autor. Con todo, sigue siendo un escritor al que se le desdeña por una supuesta baja calidad literaria, por ser más un generador de ideas brillantes que de prosa inmortal. Entre sus obras se encuentran: Lotería solar (1955); El hombre en el castillo (1962); Los tres estigmas de Palmer Eldritch (1965); Ubik (1969); Una mirada a la oscuridad (1972); SIVAINVI (1972) y La transmigración de Timothy Archer (1982). | |
| 649 | |a XX | ||
| 650 | |a Novela Norteamericana | ||
| 650 | |a Ficción Distópica | ||
| 650 | |a Psicología y Literatura | ||
| 650 | |a Literatura de Ciencia-Ficción - |z EUA | ||
| 650 | |a Literatura Norteamericana - |y Siglo XX | ||
| 650 | |a Realidad Virtual en la Literatura | ||
| 650 | |a Vuelo Espacial a la Luna en la Literatura | ||
| 910 | |a Fondo General | ||
| 920 | |a Impresos - Libros | ||
| 930 | |a Colección General | ||
| 940 | |a Literatura | ||
| 905 | |a 101 | ||
| 901 | |a 0500403236 |b IT1 |c LIT |i C184205 |u 20250521 | ||
| 902 | |a https://opac.biblio.iteso.mx/vufind/Record/000578278 | ||